| 000 | 01242cam a22003735a 4500 | ||
|---|---|---|---|
| 001 | 016561154 | ||
| 003 | EG-ScBUE | ||
| 005 | 20250223104314.0 | ||
| 008 | 120405t2023 nyua f 001 0 eng d | ||
| 020 | _a9781264795673 (pbk.) | ||
| 020 | _a126479567X (pbk.) | ||
| 040 |
_aStDuBDS _beng _erda _cStDuBDS _dUk _dEG-ScBUE |
||
| 082 | 0 | 4 |
_a612.015 _222 _bHAR |
| 245 | 0 | 0 |
_aHarper's illustrated biochemistry / _bPeter J. Kennelly, PhD, professor Department of Biochemistry, Virginia Tech, Blachsburg, Virginia [and four others] |
| 246 | 3 | 0 | _aIllustrated biochemistry |
| 250 | _aThirty-sccond edition. | ||
| 250 | _aInternational edition. | ||
| 264 | 1 |
_aNew York : _bMcGraw Hill, _c[2023] |
|
| 264 | 4 | _cc2023 | |
| 300 |
_ax, 802 pages : _bcolor illustrations ; _c28 cm. |
||
| 336 |
_2rdacontent _atext _btxt |
||
| 337 |
_2rdamedia _aunmediated _bn |
||
| 338 |
_2rdacarrier _avolume _bnc |
||
| 490 | 0 | _aA Lange medical book | |
| 500 | _aIncludes index. | ||
| 650 | 7 |
_aBiochemistry. _918368 _2BUEsh |
|
| 650 | 7 |
_aClinical biochemistry. _936628 _2BUEsh |
|
| 651 | _2BUEsh | ||
| 653 |
_bPPhrm _cFebruary2025 |
||
| 655 | _vReading book | ||
| 700 | 1 |
_aKennelly, Peter J., _eauthor. _936629 |
|
| 942 |
_2ddc _cBB |
||
| 999 |
_c30912 _d30883 |
||